All FFXIV Dungeons, Trials, and Raids - Statistics

General Stats
  • This quiz has been taken 57 times
    33 since last reset
  • The average score is 88 of 201
Answer Stats
Hint Answer % Correct
Dungeon Sastasha
92%
Dungeon Copperbell Mines
88%
Dungeon The Stone Vigil
83%
Alliance Raid The World of Darkness
75%
Alliance Raid Syrcus Tower
71%
Dungeon The Tam-Tara Deepcroft
71%
Dungeon Brayflox's Longstop
67%
Alliance Raid The Labyrinth of the Ancients
67%
Dungeon The Praetorium
67%
Dungeon Halatali
63%
Dungeon Haukke Manor
63%
Dungeon (Hard) Sastasha (Hard)
63%
Dungeon The Aurum Vale
63%
Dungeon The Burn
63%
Dungeon The Dusk Vigil
63%
Alliance Raid The Puppets' Bunker
63%
Alliance Raid The Ridorana Lighthouse
63%
Dungeon (Hard) The Stone Vigil (Hard)
63%
Dungeon The Thousand Maws of Toto-Rak
63%
Alliance Raid The Tower at Paradigm's Breach
63%
Alliance Raid The Void Ark
63%
Alliance Raid The Weeping City of Mhach
63%
Normal Raid Alphascape
58%
Dungeon Cutter's Cry
58%
Normal Raid Deltascape
58%
Dungeon Doma Castle
58%
Alliance Raid Dun Scaith
58%
Dungeon Kugane Castle
58%
Dungeon Sohm Al
58%
Dungeon The Aery
58%
Dungeon The Aetherochemical Research Facility
58%
Alliance Raid The Copied Factory
58%
Ultimate Raid The Epic of Alexander (Ultimate)
58%
Deep Dungeon The Palace of the Dead
58%
Dungeon The Twinning
58%
Dungeon The Vault
58%
Normal Raid Alexander: Gordias
54%
Dungeon Alexandria
54%
Dungeon Bardam's Mettle
54%
Dungeon Castrum Abania
54%
Dungeon (Hard) Copperbell Mines (Hard)
54%
Ultimate Raid Dragonsong's Reprise (Ultimate)
54%
Normal Raid Eden's Verse
54%
Deep Dungeon Heaven-on-High
54%
Dungeon Mt. Gulg
54%
Normal Raid Sigmascape
54%
Dungeon The Great Gubal Library
54%
Ultimate Raid The Omega Protocol (Ultimate)
54%
Alliance Raid The Orbonne Monastery
54%
Ultimate Raid The Unending Coil of Bahamut (Ultimate)
54%
Ultimate Raid The Weapon's Refrain (Ultimate)
54%
Trial The Whorleater (Hard)
54%
Normal Raid AAC Light-heavyweight
50%
Dungeon Ala Mhigo
50%
Normal Raid Alexander: Midas
50%
Dungeon Amaurot
50%
Normal Raid Asphodelos
50%
Dungeon Castrum Meridianum
50%
Dungeon Dohn Mheg
50%
Dungeon Dzemael Darkhold
50%
Normal Raid Eden's Promise
50%
Deep Dungeon Eureka Orthos
50%
Dungeon (Hard) Halatali (Hard)
50%
Dungeon (Hard) Haukke Manor (Hard)
50%
Dungeon Matoya's Relict
50%
Dungeon Shisui of the Violet Tides
50%
Trial The Bowl of Embers
50%
Dungeon The Ghimlyt Dark
50%
Trial The Howling Eye
50%
Trial The Navel
50%
Trial The Seat of Sacrifice
50%
Dungeon The Sirensong Sea
50%
Alliance Raid Aglaia
46%
Dungeon Baelsar's Wall
46%
Dungeon (Hard) Brayflox's Longstop (Hard)
46%
Trial Containment Bay P1T6
46%
Trial Containment Bay Z1T9
46%
Alliance Raid Euphrosyne
46%
Dungeon Hullbreaker Isle
46%
Dungeon Pharos Sirius
46%
Dungeon Snowcloak
46%
Dungeon The Fractal Continuum
46%
Dungeon The Qitana Ravel
46%
Alliance Raid The Royal City of Rabanastre
46%
Normal Raid The Second Coil of Bahamut
46%
Trial The Striking Tree (Hard)
46%
Dungeon The Sunken Temple of Qarn
46%
Dungeon (Hard) The Tam-Tara Deepcroft (Hard)
46%
Dungeon The Temple of the Fist
46%
Dungeon The Tower of Babil
46%
Dungeon The Tower of Zot
46%
Normal Raid Abyssos
42%
Variant Dungeon Aloalo Island
42%
Dungeon Anamnesis Anyder
42%
Trial Battle on the Big Bridge
42%
Trial Containment Bay S1T7
42%
Normal Raid Eden's Gate
42%
Dungeon Hells' Lid
42%
Dungeon Holminster Switch
42%
Dungeon (Hard) Hullbreaker Isle (Hard)
42%
Dungeon Malikah's Well
42%
Variant Dungeon Mount Rokkon
42%
Dungeon Saint Mocianne's Arboretum
42%
Dungeon Smileton
42%
Dungeon The Aetherfont
42%
Dungeon The Aitiascope
42%
Dungeon The Antitower
42%
Dungeon The Dead Ends
42%
Trial The Dying Gasp
42%
Normal Raid The Final Coil of Bahamut
42%
Trial The Final Day
42%
Dungeon The Grand Cosmos
42%
Trial The Great Hunt
42%
Trial The Mothercrystal
42%
Variant Dungeon The Sil'dihn Subterrane
42%
Dungeon The Skydeep Cenote
42%
Dungeon (Hard) The Sunken Temple of Qarn (Hard)
42%
Dungeon The Swallow's Compass
42%
Dungeon Vanaspati
42%
Dungeon Vanguard
42%
Dungeon Akadaemia Anyder
38%
Normal Raid Alexander: The Creator
38%
Dungeon Alzadaal's Legacy
38%
Dungeon Amdapor Keep
38%
Normal Raid Anabaseios
38%
Trial Castrum Marinum
38%
Special Raid Delubrum Reginae
38%
Trial Emanation
38%
Dungeon Ktisis Hyperboreia
38%
Dungeon Neverreap
38%
Dungeon Origenics
38%
Dungeon Paglth'an
38%
Dungeon (Hard) Pharos Sirius (Hard)
38%
Dungeon (Hard) Sohm Al (Hard)
38%
Dungeon Tender Valley
38%
Alliance Raid Thaleia
38%
Trial The Akh Afah Amphitheatre (Hard)
38%
Normal Raid The Binding Coil of Bahamut
38%
Trial The Chrysalis
38%
Trial The Dancing Plague
38%
Trial The Dark Inside
38%
Dungeon The Drowned City of Skalla
38%
Dungeon The Fell Court of Troia
38%
Trial The Final Steps of Faith
38%
Dungeon (Hard) The Great Gubal Library (Hard)
38%
Dungeon The Heroes' Gauntlet
38%
Dungeon The Keeper of the Lake
38%
Dungeon The Lost City of Amdapor
38%
Dungeon The Lunar Subterrane
38%
Trial The Porta Decumana
38%
Dungeon The Wanderer's Palace
38%
Trial Thornmarch (Hard)
38%
Trial Worqor Lar Dor
38%
Trial Hells' Kier
33%
Dungeon Lapis Manalis
33%
Special Raid The Baldesion Arsenal
33%
Adventuring Foray The Bozjan Southern Front
33%
Trial The Cloud Deck
33%
Trial The Crown of the Immaculate
33%
Adventuring Foray The Forbidden Land, Eureka Pyros
33%
Dungeon The Strayborough Deadwalk
33%
Dungeon Worqor Zormor
33%
Adventuring Foray Zadnor
33%
Trial Battle in the Big Keep
29%
Trial Castrum Fluminis
29%
Trial Kugane Ohashi
29%
Dungeon (Hard) Saint Mocianne's Arboretum (Hard)
29%
Dungeon Sohr Khai
29%
Special Raid The Dalriada
29%
Adventuring Foray The Diadem
29%
Adventuring Foray The Forbidden Land, Eureka Anemos
29%
Adventuring Foray The Forbidden Land, Eureka Hydatos
29%
Dungeon (Hard) The Fractal Continuum (Hard)
29%
Trial The Limitless Blue (Hard)
29%
Trial The Royal Menagerie
29%
Trial The Singularity Reactor
29%
Dungeon The Stigma Dreamscape
29%
Trial The Voidcast Dais
29%
Trial Thok ast Thok (Hard)
29%
Trial Urth's Fount
29%
Dungeon Xelphatol
29%
Dungeon (Hard) Amdapor Keep (Hard)
25%
Trial A Relic Reborn: the Hydra
25%
Special Raid Castrum Lacus Litore
25%
Trial Cinder Drift
25%
Trial Everkeep
25%
Trial Storm's Crown
25%
Trial The Abyssal Fracture
25%
Adventuring Foray The Forbidden Land, Eureka Pagos
25%
Trial The Interphos
25%
Trial The Jade Stoa
25%
Dungeon (Hard) The Lost City of Amdapor (Hard)
25%
Trial The Pool of Tribute
25%
Dungeon (Hard) The Wanderer's Palace (Hard)
25%
Trial The Wreath of Snakes
25%
Trial A Relic Reborn: the Chimera
21%
Dungeon Ihuykatumu
21%
Trial Mount Ordeals
21%
Trial The Dragon's Neck
21%
Trial Memoria Misera (Extreme)
17%
Trial The Gilded Araya
17%
No matching quizzes found
Score Distribution
Percent of People with Each Score
Percentile by Number Answered
Your Score History
You have not taken this quiz since the last reset